Statistics for Countries with Fijian embassies

Click here to take the quiz!

General Stats

  • This quiz has been taken 91 times
  • The average score is 11 of 15

Answer Stats

ContinentCountry% Correct
OceaniaAustralia
98%
EuropeUnited Kingdom
93%
North AmericaUnited States of America
93%
South AmericaBrazil
90%
AsiaChina
90%
AsiaJapan
88%
OceaniaNew Zealand
88%
AsiaIndonesia
86%
AsiaIndia
81%
AsiaSouth Korea
74%
AsiaMalaysia
66%
EuropeBelgium
60%
OceaniaPapua New Guinea
59%
AsiaUnited Arab Emirates
34%
AfricaEthiopia
31%

Score Distribution

Percentile by Number Answered

Percent of People with Each Score

Your Score History

You have not taken this quiz